000 00310nam a22001337a 4500
008 170524b xxu||||| |||| 00| 0 eng d
020 _a9780132239820
041 _aeng
080 _28 ED
_a62
100 _a26
101 _aIM
245 _aLABORATORY MANUAL DIGITAL ELECTRONIC
_cKLEITZ.W
942 _2udc
_cBK
999 _c14061
_d14061